Holé kosti

Bibliographic Details
Main Author: Reichs, Kathy, 1950- (Author)
Other Authors: Roľko, Patrik, 1974- (Translator)
Format: Book
Language:Slovak
English
PhysicalDescription:333 s. 22 cm
Published: Bratislava Slovart 2014
ISBN:9788055611785
Edition:[1. vyd.]
Series:Top krimi
Subjects:

MARC

LEADER 00000cam a2200000 a 4500
001 vtls010625840
003 SK-MaSNL
005 20260301035013.0
008 240315s2014 xo g 000 fdslo
015 |a SNBA2015/03 
020 |a 9788055611785  |q (viaz.) 
035 |a B6F0A8F2-332C-44DD-AFF3-AF9C70E3AF7E 
035 |a urn:nbn:sk:snk-amjosu 
035 |a urn:nbn:sk:snk-am002fv5 
040 |a SNK  |b slo  |c SNK  |e AACR2 
041 1 |a slo  |h eng 
044 |a xo  |c SK 
072 7 |a 821.111(73)-3  |x Americká próza  |2 konspekt 
080 |a 821.111(73)-31  |2 2001 
080 |a (0:82-312.4)  |2 2001 
100 1 |a Reichs, Kathy,  |d 1950-  |4 aut  |9 57911 
240 1 0 |a Bare Bones  |l Slovensky 
245 1 0 |a Holé kosti  |c Kathy Reichs ; z angličtiny preložil Patrik Roľko 
250 |a [1. vyd.] 
260 |a Bratislava  |b Slovart  |c 2014 
300 |a 333 s.  |c 22 cm 
490 1 |a Top krimi 
504 |a Biogr. údaje o autorke 
655 7 |a americké romány  |2 SNKPH  |9 1174 
655 7 |a detektívne romány  |2 SNKPH  |9 70455 
655 7 |a American fiction  |2 SNKPHeng  |9 281076 
655 7 |a Detective novels  |2 SNKPHeng  |9 121444 
700 1 |a Roľko, Patrik,  |d 1974-  |4 trl  |9 256528 
830 0 |a Top krimi  |9 336841 
919 |a 978-80-556-1178-5 
958 |a UP 
958 |a LX 
968 |b ENG 
999 |c 583020  |d 584950 
952 |a SNK  |b SNK  |y PREZ  |7 0  |p 17A1135637  |o snkSC 162612 D1  |i snk2015/2175  |8 0  |0 0  |1 0  |4 0  |d 2015-01-23  |l 0  |r 2026-02-23 14:58:22  |w 2026-02-23 
952 |a SNK  |b SNK  |y PREZ  |7 0  |p 17A1134944  |o snkSC 162612  |i snk2015/1773  |8 0  |0 0  |1 0  |4 0  |d 2015-01-21  |f 1  |l 0  |r 2025-08-26 00:00:00  |w 2026-02-23